000 01507nam a2200265Ia 4500
999 _c56398
_d56398
001 23511
003 GE_BSU
005 20260213170910.0
008 181216s1996||||ge |||||||||||||| ||geo||
020 _a551100720X
040 _cGE_BSU
041 _ageo
080 _a72(3) ქ-15
100 _aქავთარია, გრანი
_915333
245 _aსამყაროს შვიდი საოცრება /
_cგრანი ქავთარია ; რედაქტორი ლ. სანიკიძე.
264 _aთბილისი :
_bთბილ. უნ-ტის გამ-ბა,
_c1996.
300 _a168 გვ. ;
_c20 სმ.
500 _aწიგნში ქრონოლოგიური თანმიმდევრობით განხილულია ანტიკური ეპოქის მიერ საოცრებად შერაცხული ხელოვნების ძეგლების შექმნის პოლიტიკური, ეკონომიკური და კულტურული პირობები.
541 _h8 ლ.
653 _aანტიკური ეპოქის საოცრებები
653 _aარქიტექტურული ძეგლები
653 _aსამყაროს შვიდი საოცრება
700 _aსანიკიძე, ლ.
_eრედაქტორი
_9476
942 _cBK
_2udc